Регионална библиотека "Любен Каравелов" - Русе

Сергей Есенин (Запис номер 79986)

MARC детайли
000 -Лидер
Контролно поле с фиксирана дължина 02221nam a2200433 c 4500
003 - Код на организацията, давaща контролен номер
Контролно поле BLK
005 - Дата и час на последна редакция
Контролно поле 20240510115651.0
008 - Елементи от данни с фиксирана дължина
fixed length control field 180408b bul|||||r ||||||| ||bul||
010 ## - Наследен системен номер
LC control number KNG00084470000
020 ## - Международен стандартен номер на книга ISBN
Международен стандартен номер на книга ISBN 978-954-320-177-8
-- издат.: Рива
040 ## - Източник на каталожния запис
Идентификатор на билиотеката - собственик на записа BLK
041 ## - Код за език
Код за езика на текст/звукозапис или на отделно заглавие Български
Код за езика КДБФ Български
080 ## - УДК
Текстов определител УДК Руска литература
УДК код - определител по УДК 821.161.1
УДК определител (092)
УДК - код + определител 821.161.1(092)
080 ## - УДК
Текстов определител УДК Руски и съветски поет
УДК код - определител по УДК 929 Есенин, Сергей Александрович
УДК определител
УДК - код + определител 929 Есенин, Сергей Александрович
100 1# - Редна дума - Автор
Автор Куняев, Станислав Ю.
Авторска отговорност първи автор
R(LIN) 299441
139 ## - Редно поле
Редна дума Куняев, Станислав Ю. и др.
Авторски знак Есе - Е 86
245 10 - Сведения за заглавието
Заглавие Сергей Есенин
Редно поле (дума) Станислав Ю. Куняев; съавт. Сергей С. Куняев; прев. от рус. Светлана Панчева; прев. от рус. Гюлчин Чешмеджиева.
257 ## - Страна на издаване
Страна на създаване/издаване Русия
260 ## - Област на издателските данни
-- София
Име на издателя, разпространителя и проч. Рива
Година на издаване 2008
Печатница В. Търново
300 ## - Физическа характеристика
Страници 664 с.
Илюстрации и др. със сн.
Размери/Мащаб 21 см
380 ## - Жанр
Жанр Литературознание
490 1# - СЕРИИ (Колекции)
Име на серия Животът на бележити личности
500 ## - Общи забележки
Забележка Ориг. загл. Сергей Есенин / Станислав Куняев, Сергей Куняев. - Други прев.: И. Николов, А. Сугарев. - Съдържа и Основни дати в живота и творчеството на Сергей Есенин. - Библиогр. с. 661-663.
504 ## - Забележка за наличие на библиография и др
Забележка за наличие на библиография и под. 661-663
600 14 - Име на лице, използвано като предмет
За него / За нея Есенин, Сергей Александрович
9 (RLIN) 67611
650 #4 - Допълнително описание по предмет – тема
Основно описание – тема или топоним Руска литература
9 (RLIN) 249426
650 #4 - Допълнително описание по предмет – тема
Основно описание – тема или топоним Поети, руски
9 (RLIN) 245652
653 ## - Ключова дума – ненормативна
Ключова дума руска литература
653 ## - Ключова дума – ненормативна
Ключова дума Сергей Есенин
700 1# - Други автори (авторска отговорност)
Лично име Куняев, Сергей С.
Автороска отговорност (Описва отношението между автора и произведението) съавт.
9 (RLIN) 299442
700 1# - Други автори (авторска отговорност)
Лично име Панчева, Светлана
Автороска отговорност (Описва отношението между автора и произведението) прев. от рус.
9 (RLIN) 371270
700 1# - Други автори (авторска отговорност)
Лично име Чешмеджиева, Гюлчин
Автороска отговорност (Описва отношението между автора и произведението) прев. от рус.
9 (RLIN) 370691
852 ## - Местоположение
Форматна сигнатура Цб 240541
856 4# - Електронен адрес и достъп
Електронен формат pdf - файл
Път до файла /url/
856 4# - Електронен адрес и достъп
Електронен формат pdf - файл
Път до файла /url/
942 ## - АРТИКУЛИ
Вид на библиотечния материал Книги
Скрит в OPAC Не
Koha issues (borrowed), all copies 2
944 ## - СЪЗДАВАНЕ И РЕДАКЦИЯ на ЗАПИСА
Създаване/Редакция Създаване
Дата на регистрацията/редакция 15.07.2008
Служител, извършил регистрацията/редакцията 30576
Статус, дата на статуса Цветомила Тодорова
944 ## - СЪЗДАВАНЕ И РЕДАКЦИЯ на ЗАПИСА
Създаване/Редакция Редакция
Дата на регистрацията/редакция 02.11.2010
Служител, извършил регистрацията/редакцията
999 ## - СИСТЕМНИ КОНТРОЛНИ НОМЕРА
Koha biblionumber 79986
Koha biblioitemnumber 79986
Наличности
Код за отписване Код за изгубен артикул Източник на класификационната схема Код за повреда Коз за рестрикции Код за отдаване Артикулен № Име на библиотеката - собственик Име на библиотеката, в която се намира в момента Статус (Текущо местоположение) Дата на вписване в системата Местоположение - отдел Цена в лева Инвентарен номер Систематично азбучна сигнатура Баркод Номер на екземпляра Цена в евро Служебна бележка Служебен тип на артикула
  Не е изгубен Universal Decimal Classification Не е повреден без рестрикции заемане за дома 129530 Регионална библиотека "Любен Каравелов" Русе Регионална библиотека "Любен Каравелов" Русе Заемна - подръчен фонд 2008-07-15 Заемна - подръчен фонд 24.00 120000727435 П 821.161.1.09(092)/Е 86 120000727435 1 12.27 Дост: Pk Вид: Ф N: 194 Дата: 11.07.2008 Дата инв: 08.02.2018 Бележки инв: П2018 Книги
  Не е изгубен Universal Decimal Classification Не е повреден без рестрикции заемане за дома 129531 Регионална библиотека "Любен Каравелов" Русе Регионална библиотека "Любен Каравелов" Русе Заемна - подръчен фонд 2008-07-21 Заемна - подръчен фонд 24.00 120000727585 П 821.161.1.09(092)/Е 86 120000727585 2 12.27 Дост: Pk Вид: Ф N: 6000 Дата: 17.07.2008 Дата инв: 09.02.2018 Бележки инв: П2018 Книги
  Не е изгубен   Не е повреден без рестрикции ползва се в читалня 129532 Регионална библиотека "Любен Каравелов" Русе Регионална библиотека "Любен Каравелов" Русе Хранилище 2010-11-03 Хранилище 24.00 120000746977 Цб 240541 120000746977 3 12.27 Дост: Dp Вид: Д N: 9 Дата: 17.02.2010 Книги
Vip Innovations Ltd, Rousse, Bulgaria 2025